Entry Término temático
001 - NÚMERO DE CONTROL
- campo de control: 8656
003 - IDENTIFICADOR DEL NÚMERO DE CONTROL
- campo de control: BNPHU
005 - FECHA Y HORA DE LA ÚLTIMA TRANSACCIÓN
- campo de control: 20250522113543.0
008 - DATOS DE LONGITUD FIJA
- campo de control de longitud fija: 200615|| aca||aabn | a|a d
010 ## - NÚMERO DE CONTROL DE LA BIBLIOTECA DEL CONGRESO
- Número de control de LC: sh 85005534
040 ## - FUENTE DE LA CATALOGACIÓN
- Centro catalogador/agencia de origen: DO-SdBNP
- Lengua de catalogación: spa
- Centro/agencia transcriptor: BNPHU
- Normas de descripción: rda
150 ## - ENCABEZAMIENTO--TÉRMINO DE MATERIA
- Término de materia o nombre geográfico como elemento de entrada: Antologías
360 ## - REFERENCIA COMPLEJA DE VÉASE ADEMÁS-MATERIA
- Texto explicativo: nombre de literaturas, por ejemplo
- Encabezamiento referido a: Literatura inglesa;
- Texto explicativo: y la subdivisión
- Encabezamiento referido a: Antologías literarias
- Texto explicativo: bajo temas de antologías literarias que abarcan dos o más formas literarias, por ejemplo
- Encabezamiento referido a: Pesca--Antologías literarias
450 0# - TRAZADO DE VÉASE--TÉRMINO DE MATERIA
- Término de materia o nombre geográfico como elemento de entrada: Anthologies
450 ## - TRAZADO DE VÉASE--TÉRMINO DE MATERIA
- Término de materia o nombre geográfico como elemento de entrada: Literatura
- Subdivisión general: Antologías
450 ## - TRAZADO DE VÉASE--TÉRMINO DE MATERIA
- Término de materia o nombre geográfico como elemento de entrada: Florilegios
550 ## - TRAZADO VÉASE ADEMÁS--TÉRMINO DE MATERIA
- Término de materia o nombre geográfico como elemento de entrada: Libros para regalo
- Subcampo de control: h
550 ## - TRAZADO VÉASE ADEMÁS--TÉRMINO DE MATERIA
- Término de materia o nombre geográfico como elemento de entrada: Literatura
- Subdivisión de forma: Colecciones
550 ## - TRAZADO VÉASE ADEMÁS--TÉRMINO DE MATERIA
- Término de materia o nombre geográfico como elemento de entrada: Libros de lectura
670 ## - FUENTE DE DATOS ENCONTRADOS
- Cita de la fuente: Work cat.: (OSt)2581: Cuentos latinoamericanos :, 1989.
670 ## - FUENTE DE DATOS ENCONTRADOS
- Identificador Uniforme del Recurso: https://librunam.dgb.unam.mx:8443/F/11NCEJVJXGSN5U65H78VB9X22DUG2Y4KJAX9BC2TINE4R2RCM3-09284?func=full-set-set&set_number=001163&set_entry=000002&format=001 Consultado en 22 de Mayo, 2025
680 ## - NOTA GENERAL PÚBLICA
- Texto explicativo: Aquí se asientan colecciones de interés general, demasiado amplias para usar encabezamientos específicos tales como
- Encabezamiento o término de subdivisión: Literatura--Colecciones; Citas; Cuentos de deportes;
- Texto explicativo: etc.
750 ## - ENTRADA DE ENLACE DE ENCABEZAMIENTO ESTABLECIDO--TÉRMINO DE MATERIA
- Término de materia o nombre geográfico como elemento de entrada: Anthologies
- Número de control del registro de autoridad o número normalizado: sh 85005534
